000 00491 a2200169 4500
003 OSt
005 20231226102923.0
008 231226b |||||||| |||| 00| 0 eng d
020 _a8170554519
040 _coclc
082 _a891.432
_bSIN/K
100 _aSinha, Kishore Kumar
_910156
245 _aKISSA PANCHAYAT RAJ KA /
_cKishore Kumar Sinha
260 _aNew Delhi:
_bVani Prakashan,
_c1996
300 _a94p
942 _2ddc
_cBK
_h891.432
_iSIN/K
_k891.432
_mSIN/K
999 _c43573
_d43573